000 00515nam a22001937a 4500
003 OSt
005 20140310182843.0
008 130610t xxu||||| |||| 00| 0 eng d
050 _aTX 354
_b.V655 1999
082 _aM 641.1
_bV65 1999
245 _aA textbook of nutrition /
_cVidya, Chintapalli
260 _aNew Delhi :
_bDiscovery Publishing House,
_c1999.
300 _a429 p. :
_c21 cm.
521 _acollege students
526 _c1210L-1700L
562 _e1
942 _2lcc
_cBK
_kM
999 _c16880
_d16880